[Event "SVK-chT2C 0708"]
[Site "Slovakia"]
[Date "2007.11.04"]
[Round "4.3"]
[White "Durnik, Stefan"]
[Black "Gregorova, Zuzana"]
[Result "1/2-1/2"]
[WhiteElo "2114"]
[BlackElo "2209"]
[PlyCount "35"]
[EventDate "2007.10.06"]
[EventType "team-tourn"]
[EventRounds "11"]
[EventCountry "SVK"]
[SourceTitle "EXT 2010"]
[Source "ChessBase"]
[SourceDate "2010.11.25"]
[SourceVersion "1"]
[SourceVersionDate "2010.11.25"]
[SourceQuality "1"]
[WhiteTeam "Martin Medea"]
[BlackTeam "Banska Bystrica Junior"]
[WhiteTeamCountry "SVK"]
[BlackTeamCountry "SVK"]

1. d4 d5 2. c4 c6 3. Nc3 Nf6 4. Nf3 a6 5. e3 b5 6. cxd5 cxd5 7. a3 Bf5 8. Be2 e6 9. Nh4 Bg6 10. 0-0 Bd6 11. f4 Be4 12. Qe1 Qc7 13. Bd2 Nbd7 14. Rc1 Qb8 15. Nxe4 Nxe4 16. Bb4 Bxb4 17. Qxb4 Qd6 18. Rc2 1/2-1/2

[Event "SVK-chT1E 0708"]
[Site "Slovakia"]
[Date "2007.10.14"]
[Round "2.1"]
[White "Fenda, Zdenek"]
[Black "Gregorova, Zuzana"]
[Result "1-0"]
[WhiteElo "2112"]
[BlackElo "2177"]
[PlyCount "105"]
[EventDate "2007.10.13"]
[EventType "team-swiss"]
[EventRounds "11"]
[EventCountry "SVK"]
[SourceTitle "EXT 2009"]
[Source "ChessBase"]
[SourceDate "2008.11.26"]
[SourceVersion "1"]
[SourceVersionDate "2008.11.26"]
[SourceQuality "1"]
[WhiteTeam "Margecany OSK"]
[BlackTeam "Liptov SK II"]
[WhiteTeamCountry "SVK"]
[BlackTeamCountry "SVK"]

1. f4 d5 2. Nf3 g6 3. e3 Bg7 4. d4 e6 5. Nbd2 b6 6. c3 Ne7 7. Bd3 0-0 8. g4 e5 9. fxe5 Bxg4 10. Qe2 c5 11. Qg2 Be6 12. Nf1 Nbc6 13. h4 h5 14. Ng3 Qd7 15. Bd2 Rac8 16. 0-0-0 Bg4 17. Kb1 Nf5 18. Rdf1 Nxg3 19. Qxg3 Bf5 20. Ne1 Ne7 21. Rf2 Kh7 22. Ka1 Qa4 23. Bxf5 Nxf5 24. Qf3 Qc6 25. Nd3 Bh6 26. Nf4 Bxf4 27. Qxf4 b5 28. Qg5 Qe6 29. Rhf1 Nh6 30. e4 Ng4 31. exd5 Qxd5 32. Rf6 Rc6 33. Rxc6 Qxc6 34. Qe7 Kg8 35. Bg5 Qg2 36. Rb1 Qd5 37. Qxa7 Ra8 38. c4 bxc4 39. Qxc5 Qxc5 40. dxc5 Nxe5 41. Re1 Nd3 42. Re4 Nxc5 43. Rxc4 Nd7 44. Rd4 Ne5 45. b4 Kg7 46. Rd6 Ng4 47. b5 f6 48. Rd7+ Kg8 49. Bf4 Ne5 50. Bxe5 fxe5 51. b6 e4 52. b7 Rb8 53. Rc7 1-0